Multiple Choice City Quiz – Anchorage - Statistics

General Stats
  • This quiz has been taken 21 times
  • The average score is 5 of 10
Answer Stats
Question Answer % Correct
What happened on Good Friday, 1964, killing 115 people? Earthquake
80%
What Alaskan natives inhabited Anchorage and the Cook Inlet first, beginning from 5000 to 6000 years ago? Alutiiq
67%
The Delaney Park Strip is an airfield but residents also use it as a what? Golf Course
67%
What is the name of Anchorage's bus system? People Mover
67%
In the summer of 1915, what did the people vote to change the name to, which was overturned by the government? Alaska City
60%
Which of these cities is NOT north of Anchorage? Oslo
60%
Which of these animals are not commonly seen in Anchorage? Narwhals
53%
What company uses Anchorage as a crucial refueling hub? FedEx
40%
What was Anchorage founded for in 1914? Railroad construction
20%
What happened on January 14, 2001? 3 teenagers committed drive-by shootings with paintball guns
0%
No matching quizzes found
Score Distribution
Percent of People with Each Score
Percentile by Number Answered
Your Score History
You have not taken this quiz